Quiz o FC Barcelonie - Statystyki

Ogólne statystyki
  • Ten quiz został rozwiązany 3 101 razy
  • Średni wynik to 9 z 15
Statystyki odpowiedzi
Pytanie Odpowiedź % Poprawnych
Jak nazywa się stadion Barcelony? Camp Nou
98%
Ile razy Barcelona wygrywała Ligę Mistrzów? 5
93%
Jak nazywa się najlepszy strzelec Barcelony? Lionel Messi
87%
W którym roku założono klub FC Barcelona? 1899
80%
Kto strzelił zwycięskiego gola dającego awans Barcelonie w dwumeczu z Psg w sezonie 16/17? Sergi Roberto
69%
Jak nazywa się zawodnik, który rozegrał najwięcej spotkań w barwach Barcelony? Xavi
63%
Z jakiego klubu do Barcelony przyszedł Luis Suarez? Liverpool FC
59%
Jaki jest rekord w ilości strzelonych goli w jednym sezonie kalendarzowym, ustanowiony przez Leo Messiego? 91
57%
Jak nazywa się drugi bramkarz Fc Barcelony w obecnym sezonie? Jasper Cillessen
57%
Jak nazywa sie poprzedni trener FC Barcelony? Luis Enrique
53%
Podaj nazwę największego rywala blaugrany, drużyny również pochodzącej z Barcelony i grającej w Lidze Hiszpańskiej Espanyol Barcelona
41%
Jaką pojemność ma wyżej wymieniony stadion? 99000
31%
Jak nazywają się potocznie fani Barcelony? Nazwa wzięła się od drewnianych ławek za bramkami starego stadionu cules
30%
Jak nazywa się drużyna, która wygrała z Barceloną jedyny mecz w sezonie 2017/2018, przerywając passe Barcelony i niedopuszczając do wygrania ligi bez porażki? Levante
30%
Jak nazywała sie drużyna która zagrała przeciwko Barcelonie na otwarcie Camp Nou? Reprezentacja Warszawy
18%
Nie znaleziono quizów pasujących do podanych kryteriów
Rozkład punktacji
Procent ludzi z każdym wynikiem
Percentyl według liczby udzielonych odpowiedzi
Twoja historia wyników
Nie rozwiązałeś tego quizu